Early Socratic dialogues / (Record no. 14288)

000 -LEADER
fixed length control field 00552cam a2200193 a 4500
020 ## - INTERNATIONAL STANDARD BOOK NUMBER
ISBN 0140444475 (pbk.) :
040 ## - CATALOGING SOURCE
Transcribing agency DLC
082 00 - DEWEY DECIMAL CLASSIFICATION NUMBER
Classification number 184 PEN 1987 A001 Or.
100 0# - MAIN ENTRY--AUTHOR NAME
Personal name Plato.
245 10 - TITLE STATEMENT
Title Early Socratic dialogues /
260 ## - PUBLICATION, DISTRIBUTION, ETC. (IMPRINT)
Place of publication Harmondsworth, Middlesex, England ;
-- New York, N.Y., U.S.A. :
Name of publisher Penguin Books,
Year of publication 1987.
300 ## - PHYSICAL DESCRIPTION
Number of Pages 395 p. ;
Dimensions 20 cm.
500 ## - GENERAL NOTE
General note Works translated from the Greek.
500 ## - GENERAL NOTE
General note "A Penguin original."
500 ## - GENERAL NOTE
General note Includes index.
650 #0 - SUBJECT ADDED ENTRY--TOPICAL TERM
Topical Term Philosophy.
700 1# - ADDED ENTRY--PERSONAL NAME
Personal name Saunders, Trevor J.,
942 ## - ADDED ENTRY ELEMENTS (KOHA)
Koha item type សៀវភៅភាសាអង់គ្លេស
952 ## - LOCATION AND ITEM INFORMATION (KOHA)
Withdrawn status [LOCAL, KOHA] 0
Holdings
Permanent Location Date acquired Koha item type Lost status Shelving location Barcode Current Location Full call number
Library Block A2017-10-11សៀវភៅភាសាអង់គ្លេស A001A21762Library Block A184 PEN 1987 A001 Or.
មជ្ឈមណ្ឌលឯការនៃសាកលវិទ្យាល័យភូមិន្ទកសិកម្មចំការដូង

Powered by Koha